Top XIs: AS Monaco (1977-2024) - Statistics

General Stats
  • This quiz has been taken 249 times
  • The average score is 138 of 500
Answer Stats
Hint Position Answer % Correct
2016/2017 ST Kylian Mbappé
94%
2016/2017 ST Radamel Falcao
87%
2017/2018 ST Radamel Falcao
87%
2018/2019 ST Radamel Falcao
87%
2018/19 UCL ST Radamel Falcao
87%
2013/2014 DF Fabinho
80%
2014/2015 DF Fabinho
80%
2014/15 UCL DF Fabinho
80%
2015/16 UCL DF Fabinho
80%
2015/16 EL DF Fabinho
80%
2015/2016 DF Fabinho
80%
2016/2017 MF Fabinho
80%
2017/2018 MF Fabinho
80%
1997/1998 ST Thierry Henry
76%
2014/2015 MF Bernardo Silva
75%
2015/16 EL MF Bernardo Silva
75%
2015/2016 MF Bernardo Silva
75%
2016/2017 MF Bernardo Silva
75%
1989/1990 DF Roger Mendy
72%
1990/1991 DF Roger Mendy
72%
1991/1992 DF Roger Mendy
72%
2016/2017 DF Djibril Sidibé
71%
2017/2018 DF Djibril Sidibé
71%
2018/2019 DF Djibril Sidibé
71%
2018/19 UCL DF Djibril Sidibé
71%
2016/2017 DF Kamil Glik
71%
2017/2018 DF Kamil Glik
71%
2018/2019 DF Kamil Glik
71%
2018/19 UCL DF Kamil Glik
71%
2019/2020 DF Kamil Glik
71%
2019/2020 ST Wissam Ben Yedder
71%
2020/2021 ST Wissam Ben Yedder
71%
2021/2022 ST Wissam Ben Yedder
71%
2022/2023 UCL ST Wissam Ben Yedder
71%
2022/2023 ST Wissam Ben Yedder
71%
2016/2017 MF Tiemoué Bakayoko
69%
2019/2020 MF Tiemoué Bakayoko
69%
2015/2016 MF Thomas Lemar
66%
2016/2017 MF Thomas Lemar
66%
2017/2018 MF Thomas Lemar
66%
2015/16 UCL MF João Moutinho
62%
2013/2014 MF João Moutinho
62%
2014/2015 MF João Moutinho
62%
2014/15 UCL MF João Moutinho
62%
2015/16 EL MF João Moutinho
62%
2015/2016 MF João Moutinho
62%
2017/2018 MF João Moutinho
62%
1998/1999 MF Ludovic Giuly
60%
1998/99 UC MF Ludovic Giuly
60%
1999/2000 MF Ludovic Giuly
60%
2000/2001 MF Ludovic Giuly
60%
2002/2003 MF Ludovic Giuly
60%
2003/2004 MF Ludovic Giuly
60%
2003/04 UCL F MF Ludovic Giuly
60%
2011/2012 * MF Ludovic Giuly
60%
1997/1998 ST David Trézéguet
58%
1998/1999 ST David Trézéguet
58%
1998/99 UC ST David Trézéguet
58%
1999/2000 ST David Trézéguet
58%
2003/04 UCL F ST Fernando Morientes
58%
2018/2019 MF Aleksandr Golovin
57%
2018/19 UCL MF Aleksandr Golovin
57%
2019/2020 MF Aleksandr Golovin
57%
2022/2023 UCL MF Aleksandr Golovin
57%
2022/2023 MF Aleksandr Golovin
57%
2016/2017 DF Jemerson
55%
2017/2018 DF Jemerson
55%
2018/2019 DF Jemerson
55%
2018/19 UCL DF Jemerson
55%
2011/2012 * ST Valère Germain
55%
2012/2013 * ST Valère Germain
55%
1986/1987 MF Youssouf Fofana
52%
1987/1988 MF Youssouf Fofana
52%
1988/1989 MF Youssouf Fofana
52%
2013/2014 MF James Rodríguez
51%
2020/2021 MF Aurélien Tchouaméni
50%
2021/2022 MF Aurélien Tchouaméni
50%
2020/2021 ST Kevin Volland
49%
2021/2022 ST Kevin Volland
49%
2022/2023 UCL ST Kevin Volland
49%
2000/2001 DF Julien Rodriguez
48%
2002/2003 DF Julien Rodriguez
48%
2003/2004 DF Julien Rodriguez
48%
2003/04 UCL F DF Julien Rodriguez
48%
2002/2003 DF Patrice Évra
47%
2003/2004 DF Patrice Évra
47%
2003/04 UCL F DF Patrice Évra
47%
2004/2005 DF Patrice Évra
47%
2004/2005 UCL DF Patrice Évra
47%
2012/2013 * DF Andrea Raggi
46%
2014/2015 DF Andrea Raggi
46%
2014/15 UCL DF Andrea Raggi
46%
2015/16 UCL DF Andrea Raggi
46%
2015/16 EL DF Andrea Raggi
46%
2015/2016 DF Andrea Raggi
46%
2021/2022 DF Axel Disasi
45%
2022/2023 UCL DF Axel Disasi
45%
2022/2023 DF Axel Disasi
45%
2019/2020 DF Benoît Badiashile
45%
2020/2021 DF Benoît Badiashile
45%
2021/2022 DF Benoît Badiashile
45%
1989/1990 DF Emmanuel Petit
45%
1990/1991 DF Emmanuel Petit
45%
1991/1992 DF Emmanuel Petit
45%
1993/1994 DF Emmanuel Petit
45%
1994/1995 MF Emmanuel Petit
45%
1995/1996 MF Emmanuel Petit
45%
1996/1997 MF Emmanuel Petit
45%
1983/1984 DF Jean Petit
45%
2002/2003 MF Jérôme Rothen
45%
2003/2004 MF Jérôme Rothen
45%
2003/04 UCL F MF Jérôme Rothen
45%
2019/2020 MF Cesc Fàbregas
42%
2014/15 UCL ST Anthony Martial
41%
2015/16 UCL ST Anthony Martial
41%
2013/2014 DF Layvin Kurzawa
41%
2014/2015 DF Layvin Kurzawa
41%
2014/15 UCL DF Layvin Kurzawa
41%
2015/16 UCL DF Layvin Kurzawa
41%
2013/2014 MF Jérémy Toulalan
40%
2014/2015 MF Jérémy Toulalan
40%
2014/15 UCL MF Jérémy Toulalan
40%
2015/16 UCL MF Jérémy Toulalan
40%
2015/16 EL MF Jérémy Toulalan
40%
2015/2016 MF Jérémy Toulalan
40%
2014/2015 MF Geoffrey Kondogbia
39%
2014/15 UCL MF Geoffrey Kondogbia
39%
2002/2003 ST Dado Pršo
38%
2003/2004 ST Dado Pršo
38%
2003/04 UCL F ST Dado Pršo
38%
2003/04 UCL F MF Édouard Cissé
36%
2018/2019 MF Gelson Martins
36%
2019/2020 MF Gelson Martins
36%
2020/2021 MF Gelson Martins
36%
2021/2022 MF Gelson Martins
36%
2012/2013 * MF Yannick Carrasco
36%
2014/2015 MF Yannick Carrasco
36%
2014/15 UCL MF Yannick Carrasco
36%
1991/1992 MF Youri Djorkaeff
36%
1992/1993 MF Youri Djorkaeff
36%
1993/1994 MF Youri Djorkaeff
36%
1994/1995 MF Youri Djorkaeff
36%
2016/2017 DF Benjamin Mendy
35%
1992/1993 DF Lilian Thuram
35%
1993/1994 DF Lilian Thuram
35%
1994/1995 DF Lilian Thuram
35%
1995/1996 DF Lilian Thuram
35%
2013/2014 DF Éric Abidal
34%
2011/2012 * ST Ibrahima Touré
34%
2012/2013 * ST Ibrahima Touré
34%
2013/2014 DF Ricardo Carvalho
34%
2014/2015 DF Ricardo Carvalho
34%
2015/16 UCL DF Ricardo Carvalho
34%
2015/16 EL DF Ricardo Carvalho
34%
2015/2016 DF Ricardo Carvalho
34%
2022/2023 ST Breel Embolo
33%
2003/2004 ST Emma Adebayor
33%
2004/2005 ST Emma Adebayor
33%
2004/2005 UCL ST Emma Adebayor
33%
2005/06 UC ST Emma Adebayor
33%
2014/2015 ST Dimitar Berbatov
32%
2022/2023 MF Mohamed Camara
32%
2018/2019 MF Youri Tielemans
32%
2018/19 UCL MF Youri Tielemans
32%
2002/2003 DF Sébastien Squillaci
31%
2003/2004 DF Sébastien Squillaci
31%
2004/2005 DF Sébastien Squillaci
31%
2004/2005 UCL DF Sébastien Squillaci
31%
2005/2006 DF Sébastien Squillaci
31%
2005/06 UC DF Sébastien Squillaci
31%
2000/2001 ST Shabani Nonda
30%
2001/2002 ST Shabani Nonda
30%
2002/2003 ST Shabani Nonda
30%
2022/2023 UCL ST Takumi Minamino
30%
2022/2023 UCL DF Vanderson
30%
2022/2023 DF Vanderson
30%
2020/2021 DF Guillermo Maripán
29%
2022/2023 UCL DF Guillermo Maripán
29%
2022/2023 DF Guillermo Maripán
29%
1997/1998 DF Willy Sagnol
29%
1998/1999 DF Willy Sagnol
29%
1998/99 UC DF Willy Sagnol
29%
1999/2000 DF Willy Sagnol
29%
2022/2023 UCL DF Caio Henrique
28%
2001/2002 DF Gaël Givet
28%
2003/04 UCL F DF Gaël Givet
28%
2004/2005 DF Gaël Givet
28%
2004/2005 UCL DF Gaël Givet
28%
2005/2006 DF Gaël Givet
28%
2006/2007 DF Gaël Givet
28%
2020/2021 DF Caio Henrique
27%
2021/2022 DF Caio Henrique
27%
2022/2023 DF Caio Henrique
27%
1989/1990 ST George Weah
27%
1990/1991 ST George Weah
27%
1991/1992 ST George Weah
27%
2019/2020 DF Ruben Aguilar
27%
2020/2021 DF Ruben Aguilar
27%
2021/2022 DF Ruben Aguilar
27%
2004/2005 ST Javier Saviola
26%
2004/2005 UCL ST Javier Saviola
26%
1994/1995 ST Sonny Anderson
26%
1995/1996 ST Sonny Anderson
26%
1996/1997 ST Sonny Anderson
26%
2018/19 UCL MF Sofiane Diop
25%
2017/2018 MF Rony Lopes
25%
2018/2019 MF Rony Lopes
25%
2020/2021 MF Sofiane Diop
25%
2021/2022 MF Sofiane Diop
25%
2009/2010 DF Djimi Traoré
24%
1985/1986 DF Manuel Amoros
24%
1986/1987 DF Manuel Amoros
24%
1987/1988 DF Manuel Amoros
24%
1988/1989 DF Manuel Amoros
24%
1999/2000 ST Marco Simone
24%
2000/2001 ST Marco Simone
24%
2012/2013 * MF Nabil Dirar
24%
2014/15 UCL MF Nabil Dirar
24%
2015/16 UCL MF Nabil Dirar
24%
2015/2016 MF Nabil Dirar
24%
2004/2005 UCL MF Jaroslav Plašil
23%
2005/2006 MF Jaroslav Plašil
23%
2005/06 UC MF Jaroslav Plašil
23%
2006/2007 MF Jaroslav Plašil
23%
1992/1993 ST Jürgen Klinsmann
23%
1993/1994 ST Jürgen Klinsmann
23%
2002/2003 MF Lucas Bernardi
23%
2003/2004 MF Lucas Bernardi
23%
2003/04 UCL F MF Lucas Bernardi
23%
2004/2005 UCL MF Lucas Bernardi
23%
2005/2006 MF Lucas Bernardi
23%
2005/06 UC MF Lucas Bernardi
23%
2002/2003 MF Akis Zikos
22%
2003/2004 MF Akis Zikos
22%
2004/2005 MF Akis Zikos
22%
2004/2005 UCL MF Akis Zikos
22%
2005/06 UC MF Akis Zikos
22%
2022/2023 MF Krépin Diatta
21%
2003/2004 DF Hugo Ibarra
21%
2003/04 UCL F DF Hugo Ibarra
21%
2013/2014 ST Lucas Ocampos
21%
2017/2018 ST Keita Baldé
20%
1999/2000 MF Marcelo Gallardo
20%
2000/2001 MF Marcelo Gallardo
20%
2001/2002 MF Marcelo Gallardo
20%
1993/1994 ST Victor Ikpeba
20%
1996/1997 ST Victor Ikpeba
20%
1997/1998 ST Victor Ikpeba
20%
1998/1999 ST Victor Ikpeba
20%
2013/2014 ST Emmanuel Rivière
19%
2006/2007 ST Jérémy Ménez
19%
2007/2008 ST Jérémy Ménez
19%
2018/19 UCL DF Benjamin Henrichs
18%
2022/2023 UCL MF Eliot Matazo
18%
1994/1995 DF Éric Di Meco
18%
1995/1996 DF Éric Di Meco
18%
1990/1991 MF Franck Sauzée
18%
2017/2018 DF Jorge
18%
2007/2008 MF Nenê
18%
2009/2010 MF Nenê
18%
1987/1988 DF Patrick Battiston
18%
1988/1989 DF Patrick Battiston
18%
1999/2000 DF Rafael Márquez
18%
2001/2002 DF Rafael Márquez
18%
2002/2003 DF Rafael Márquez
18%
1984/1985 ST Bruno Bellone
17%
1985/1986 ST Bruno Bellone
17%
1986/1987 ST Bruno Bellone
17%
1983/1984 MF Delio Onnis
17%
1998/1999 DF Philippe Christanval
17%
1999/2000 DF Philippe Christanval
17%
2000/2001 DF Philippe Christanval
17%
2015/16 EL DF Fábio Coentrão
16%
2019/2020 ST Islam Slimani
16%
2004/2005 MF Javier Chevantón
16%
2005/2006 ST Javier Chevantón
16%
2004/2005 DF Maicon
16%
2004/2005 UCL DF Maicon
16%
2005/2006 DF Maicon
16%
2005/06 UC DF Maicon
16%
2010/2011 ST P.-E. Aubameyang
16%
2018/2019 MF Adrien Silva
15%
2014/15 UCL DF Aymen Abdennour
15%
1984/1985 MF Bernard Genghini
15%
1985/1986 MF Bernard Genghini
15%
2005/06 UC ST Christian Vieri
15%
2008/2009 ST Chu-young Park
15%
2009/2010 ST Chu-young Park
15%
2010/2011 ST Chu-young Park
15%
1985/1986 MF Claude Puel
15%
1986/1987 MF Claude Puel
15%
1989/1990 MF Claude Puel
15%
1990/1991 MF Claude Puel
15%
1991/1992 MF Claude Puel
15%
1992/1993 MF Claude Puel
15%
1993/1994 MF Claude Puel
15%
1994/1995 MF Claude Puel
15%
1998/99 UC DF Philippe Léonard
15%
1993/1994 MF Enzo Scifo
15%
1995/1996 MF Enzo Scifo
15%
1987/1988 MF Glenn Hoddle
15%
1988/1989 MF Glenn Hoddle
15%
1987/1988 DF Luc Sonor
15%
1988/1989 DF Luc Sonor
15%
1989/1990 DF Luc Sonor
15%
1990/1991 DF Luc Sonor
15%
1991/1992 DF Luc Sonor
15%
1992/1993 DF Luc Sonor
15%
1997/1998 DF Philippe Léonard
15%
1999/2000 DF Philippe Léonard
15%
1990/1991 MF Rui Barros
15%
1991/1992 MF Rui Barros
15%
2018/2019 DF Fodé Ballo-Touré
14%
2019/2020 DF Fodé Ballo-Touré
14%
2015/16 UCL ST Ivan Cavaleiro
14%
2006/2007 ST Jan Koller
14%
2007/2008 ST Jan Koller
14%
1996/1997 DF Martin Djetou
14%
1997/1998 DF Martin Djetou
14%
2000/2001 DF Martin Djetou
14%
2004/2005 ST Mohamed Kallon
14%
2004/2005 UCL ST Mohamed Kallon
14%
1994/1995 MF Sylvain Legwinski
14%
1995/1996 MF Sylvain Legwinski
14%
1996/1997 MF Sylvain Legwinski
14%
1997/1998 MF Sylvain Legwinski
14%
1998/99 UC MF Sylvain Legwinski
14%
1983/1984 DF Yvon Le Roux
14%
1995/1996 MF Ali Benarbia
13%
1996/1997 MF Ali Benarbia
13%
1997/1998 MF Ali Benarbia
13%
2005/2006 MF Camel Meriem
13%
2005/06 UC MF Camel Meriem
13%
2006/2007 MF Camel Meriem
13%
2007/2008 MF Camel Meriem
13%
2008/2009 MF Camel Meriem
13%
1998/1999 MF Costinha
13%
1999/2000 MF Costinha
13%
2000/2001 MF Costinha
13%
2001/2002 DF Cyril Rool
13%
1984/1985 MF Daniel Bravo
13%
1985/1986 MF Daniel Bravo
13%
2018/19 UCL MF Nacer Chadli
13%
2015/16 EL ST Steph. El Shaarawy
13%
1992/1993 DF Franck Dumas
13%
1993/1994 DF Franck Dumas
13%
1994/1995 DF Franck Dumas
13%
1995/1996 DF Franck Dumas
13%
1996/1997 DF Franck Dumas
13%
1998/1999 DF Franck Dumas
13%
1998/99 UC DF Franck Dumas
13%
2000/2001 DF Franck Jurietti
13%
1991/1992 MF Gérald Passi
13%
1996/1997 DF Gilles Grimandi
13%
1992/1993 MF Jérôme Gnako
13%
1993/1994 MF Jérôme Gnako
13%
1985/1986 MF Marcel Dib
13%
1986/1987 MF Marcel Dib
13%
1987/1988 MF Marcel Dib
13%
1988/1989 MF Marcel Dib
13%
1989/1990 MF Marcel Dib
13%
1990/1991 MF Marcel Dib
13%
1991/1992 MF Marcel Dib
13%
1987/1988 ST Mark Hateley
13%
1988/1989 ST Mark Hateley
13%
2001/2002 ST Oliver Bierhoff
13%
1998/1999 MF Sabri Lamouchi
13%
1999/2000 MF Sabri Lamouchi
13%
2006/2007 MF Yaya Touré
13%
1996/1997 MF John Collins
12%
1997/1998 MF John Collins
12%
2015/16 UCL MF Mario Pašalić
12%
2015/16 EL MF Mario Pašalić
12%
1994/1995 ST Mickaël Madar
12%
1995/1996 ST Mickaël Madar
12%
1994/1995 DF Patrick Blondeau
12%
1995/1996 DF Patrick Blondeau
12%
1996/1997 DF Patrick Blondeau
12%
1988/1989 DF Patrick Valéry
12%
1989/1990 DF Patrick Valéry
12%
1990/1991 DF Patrick Valéry
12%
1992/1993 DF Patrick Valéry
12%
1993/1994 DF Patrick Valéry
12%
1989/1990 ST Ramón Díaz
12%
1990/1991 ST Ramón Díaz
12%
1982/1983 DF Rolland Courbis
12%
2015/2016 DF Wallace
12%
2007/2008 DF Adriano
11%
2010/2011 DF Adriano
11%
2011/2012 * DF Adriano
11%
2012/2013 * DF Adriano
11%
1983/1984 ST Albert Emon
11%
2008/2009 DF Cédric Mongongu
11%
2009/2010 DF Cédric Mongongu
11%
1983/1984 MF Christian Dalger
11%
2008/2009 DF Dario Šimić
11%
2005/2006 DF Manuel dos Santos
11%
1984/1985 MF Dominique Bijotat
11%
1986/1987 MF Dominique Bijotat
11%
1988/1989 MF Fabrice Poullain
11%
1989/1990 MF Fabrice Poullain
11%
2005/06 UC DF François Modesto
11%
2006/2007 DF François Modesto
11%
2007/2008 DF François Modesto
11%
2008/2009 DF François Modesto
11%
2009/2010 DF François Modesto
11%
2010/2011 DF Laurent Bonnart
11%
2005/06 UC DF Manuel dos Santos
11%
1997/1998 DF Mohamed Konjić
11%
1998/99 UC DF Mohamed Konjić
11%
2012/2013 * MF Mounir Obbadi
11%
2013/2014 MF Mounir Obbadi
11%
2009/2010 MF Nicolas N'Koulou
11%
2010/2011 MF Nicolas N'Koulou
11%
2000/2001 MF Pontus Farnerud
11%
2001/2002 MF Pontus Farnerud
11%
2009/2010 DF Sébastien Puygrenier
11%
2010/2011 DF Sébastien Puygrenier
11%
2008/2009 MF Alejandro Alonso
10%
2009/2010 MF Alejandro Alonso
10%
1998/1999 DF Christophe Pignol
10%
2011/2012 * DF Gary Kagelmacher
10%
2012/2013 * DF Gary Kagelmacher
10%
2009/2010 MF Lukman Haruna
10%
2010/2011 MF Lukman Haruna
10%
2005/2006 ST Marco Di Vaio
10%
1982/1983 MF Alain Couriol
9%
1982/1983 ST Alain Moizan
9%
2001/2002 MF Alex Nyarko
9%
2001/2002 DF Cyrille Domoraud
9%
2004/2005 MF Diego Pérez
9%
2005/2006 MF Diego Pérez
9%
2007/2008 MF Diego Pérez
9%
2008/2009 MF Diego Pérez
9%
2009/2010 MF Diego Pérez
9%
1998/99 UC MF Salif Diao
9%
2011/2012 * MF Gary Coulibaly
9%
2008/2009 MF Jean-Jacques Gosso
9%
2010/2011 MF Jean-Jacques Gosso
9%
2006/2007 MF Jerko Leko
9%
2007/2008 MF Jerko Leko
9%
2008/2009 MF Jerko Leko
9%
2010/2011 DF Petter Hansson
9%
2011/2012 * DF Petter Hansson
9%
1984/1985 ST Philippe Anziani
9%
1985/1986 ST Philippe Anziani
9%
1982/1983 MF Umberto Barberis
9%
2001/2002 MF Vladimir Jugović
9%
2006/2007 DF Bolivar
8%
2007/2008 DF Bolivar
8%
1984/1985 DF Didier Christophe
8%
2015/16 EL ST Lacina Traoré
8%
2018/19 UCL MF Youss. Aït Bennasser
8%
1998/1999 MF Franck Gava
8%
1998/99 UC MF Franck Gava
8%
2011/2012 * DF Georgios Tzavellas
8%
2012/2013 * DF Georgios Tzavellas
8%
1983/1984 MF Gérard Soler
8%
2015/2016 ST Hélder Costa
8%
2006/2007 DF Leandro Cufré
8%
2007/2008 DF Leandro Cufré
8%
2008/2009 DF Leandro Cufré
8%
2010/2011 MF Nampalys Mendy
8%
2011/2012 * MF Nampalys Mendy
8%
2012/2013 * MF Nampalys Mendy
8%
1986/1987 ST Omar da Fonseca
8%
1998/99 UC ST Robert Špehar
8%
2011/2012 * MF Vladimir Koman
8%
2020/2021 MF Youssouf Fofana
8%
2021/2022 MF Youssouf Fofana
8%
2022/2023 UCL MF Youssouf Fofana
8%
2022/2023 MF Youssouf Fofana
8%
1987/1988 MF Jean-Philippe Rohr
7%
1991/1992 DF John Sivebæk
7%
1983/1984 DF Michel Rouquette
7%
1984/1985 DF Abdellah Liegeon
6%
1985/1986 DF Abdellah Liegeon
6%
1982/1983 DF Alfred Vitalis
6%
1987/1988 MF Jean-Marc Ferratge
6%
1988/1989 MF Jean-Marc Ferratge
6%
1989/1990 MF Jean-Marc Ferratge
6%
1984/1985 DF Juan Simón
6%
1985/1986 DF Juan Simón
6%
1992/1993 MF Luiz Henrique
6%
1982/1983 MF Raúl Noguès
6%
1986/1987 DF Søren Busk
6%
1986/1987 MF Søren Lerby
6%
1982/1983 MF Bernard Gardon
5%
1992/1993 MF Christian Perez
5%
1983/1984 MF Eric Benoît
5%
1984/1985 DF Nenad Stojković
5%
1985/1986 DF Nenad Stojković
5%
1986/1987 DF Thierry Ninot
5%
1983/1984 MF Daniel Zorzetto
4%
1982/1983 ST Ralf Edström
4%
1987/1988 DF Rémy Vogel
4%
1983/1984 ST Uwe Krause
4%
1984/1985 MF Víctor Trossero
4%
1982/1983 DF Jacques Pérais
3%
1982/1983 DF Albert Vanucci
2%
No matching quizzes found
Score Distribution
Percent of People with Each Score
Percentile by Number Answered
Your Score History
You have not taken this quiz